000 00327 a2200157 4500
001 175551
020 _a
040 _cMagnum
100 _aMelo Júnior, Evandro
240 1 0 _aFísica geral elementar 1
_lpor
245 1 0 _aFísica geral elementar 1
300 _a254
440 1 _a
697 _aFÍSICA
942 _cBK
999 _c175551
_d175551